|
|
|
|
| LEADER |
01369nam a2200241 a 4500 |
| 001 |
2701086 |
| 008 |
091013r20061988ii 000 0 eng d |
| 020 |
|
|
|a 8121903459
|
| 040 |
|
|
|a TXA
|c TXA
|
| 082 |
0 |
0 |
|a 530.15
|2 22
|
| 100 |
1 |
|
|a Dass, H. K.
|
| 245 |
1 |
0 |
|a Advanced Engineering mathematics :
|b for M.E.,B.E.and other Engineering examinations
|c H.K. Dass.
|
| 250 |
|
|
|a 15th rev. ed.
|
| 260 |
|
|
|a New Delhi :
|b S. Chand,
|c 1988.[reprinted 2006]
|
| 300 |
|
|
|a xvi, 1232 p. :
|b ill. ;
|c 25 cm.
|
| 541 |
1 |
|
|e 00019331
|
| 650 |
|
0 |
|a Engineering mathematics
|v Textbooks.
|
| 852 |
4 |
|
|a Ayesha Abed Library
|j General Shelf.
|
| 999 |
|
|
|c 4568
|d 4568
|
| 952 |
|
|
|0 0
|1 0
|2 ddc
|4 0
|6 530_150000000000000_DAS
|7 0
|9 4342
|a BRACUL
|b BRACUL
|c GEN
|d 2009-10-14
|g 742.00
|l 2
|m 32
|o 530.15 DAS
|p 3010019331
|r 2023-01-23
|s 2016-11-17
|t 1
|v 1484.00
|w 2009-10-14
|y BK
|
| 952 |
|
|
|0 0
|1 0
|2 ddc
|4 0
|6 530_150000000000000_DAS
|7 0
|9 4343
|a BRACUL
|b BRACUL
|c GEN
|d 2009-10-14
|g 742.00
|l 2
|m 7
|o 530.15 DAS
|p 3010019332
|r 2026-05-14
|s 2026-05-04
|t 2
|v 1484.00
|w 2009-10-14
|y BK
|
| 952 |
|
|
|0 0
|1 0
|2 ddc
|4 0
|6 530_150000000000000_DAS
|7 0
|9 4344
|a BRACUL
|b BRACUL
|c GEN
|d 2009-10-14
|g 742.00
|l 3
|m 1
|o 530.15 DAS
|p 3010019334
|r 2023-01-14
|s 2022-12-24
|t 3
|v 1484.00
|w 2009-10-14
|y BK
|
| 952 |
|
|
|0 0
|1 0
|2 ddc
|4 0
|6 530_150000000000000_DAS
|7 0
|9 4345
|a BRACUL
|b BRACUL
|c GEN
|d 2009-10-14
|g 742.00
|l 6
|m 23
|o 530.15 DAS
|p 3010019333
|r 2024-09-02
|s 2024-07-08
|t 4
|v 1484.00
|w 2009-10-14
|y BK
|